000
00221 a2200097 4500
001
45295
100
_a
Sutton Sir G
245
_a
Mastery of the Air
260
_a
London
_b
Hodder and stoughton
_c
090
_c
28477
_d
28477
942
_a
NUST-CAE
_c
M
_c
20532
999
_c
280368
_d
280368